[Event "31. Open Villa de Benasque 2011"]
[Site "Benasque ESP"]
[Date "2011.07.10"]
[Round "4.4"]
[White "Kadric, Denis"]
[Black "Stocek, Jiri"]
[Result "0-1"]
[WhiteElo "2406"]
[BlackElo "2596"]
[PlyCount "74"]
[EventDate "2011.07.07"]
[EventType "swiss"]
[EventRounds "10"]
[EventCountry "ESP"]
[Source "lmi"]
[SourceDate "2011.07.07"]

1. e4 c5 2. Nf3 d6 3. d4 cxd4 4. Nxd4 Nf6 5. Nc3 e6 6. g4 Nc6 7. g5 Nd7 8. Be3
Be7 9. Rg1 Nb6 10. Qd2 e5 11. Ndb5 Be6 12. O-O-O O-O 13. Nxd6 Qb8 14. Nf5 Bb4
15. a3 Rd8 16. Qe1 Rxd1+ 17. Qxd1 Bxc3 18. bxc3 Bxf5 19. exf5 Qf8 20. Bxb6 axb6
21. Rg3 Qxa3+ 22. Kd2 e4 23. Qb1 Qc5 24. Ke1 Qxf5 25. Be2 g6 26. Kf1 Ne7 27.
Bc4 Qd7 28. Re3 Nf5 29. Rxe4 Qc6 30. Bd3 Nd6 31. Rg4 Qh1+ 32. Rg1 Qxh2 33. Rg3
Qh1+ 34. Rg1 Qh3+ 35. Rg2 b5 36. Bxb5 Nxb5 37. Qxb5 Qh1+ 0-1

[Event "31. Open Villa de Benasque 2011"]
[Site "Benasque ESP"]
[Date "2011.07.10"]
[Round "4.5"]
[White "Oleksienko, Mikhailo"]
[Black "Forcen Esteban, Daniel"]
[Result "1-0"]
[WhiteElo "2564"]
[BlackElo "2441"]
[PlyCount "115"]
[EventDate "2011.07.07"]
[EventType "swiss"]
[EventRounds "10"]
[EventCountry "ESP"]
[Source "lmi"]
[SourceDate "2011.07.07"]

1. d4 Nf6 2. c4 c5 3. d5 e6 4. Nc3 exd5 5. cxd5 d6 6. Nf3 g6 7. Nd2 Nbd7 8. e4
Bg7 9. Be2 O-O 10. O-O Re8 11. a4 Ne5 12. Re1 a6 13. Ra3 Rb8 14. a5 b5 15. axb6
Qxb6 16. Rb3 Qa7 17. Rxb8 Qxb8 18. h3 Qb4 19. Qa4 Qxa4 20. Nxa4 Ned7 21. Nc3
Nb6 22. Kf1 Kf8 23. g4 Nfd7 24. g5 f5 25. gxf6 Bxf6 26. Kg2 Kg7 27. Nd1 Bd4 28.
f3 Nf6 29. Nb3 Be5 30. Na5 Nh5 31. Nf2 Nf4+ 32. Bxf4 Bxf4 33. Nc6 Bg5 34. b3
Bb7 35. Kf1 Bh4 36. Ra1 Ra8 37. Kg2 Bf6 38. Ra2 Bc3 39. Nd1 Bf6 40. Na5 Bc8 41.
Ne3 Bd8 42. Nec4 Nxc4 43. Nxc4 Bc7 44. f4 a5 45. e5 Bb7 46. exd6 Bxd5+ 47. Bf3
Bxf3+ 48. Kxf3 Bd8 49. Ke4 Rb8 50. Ra3 Kf6 51. Kd5 Kf5 52. Ne5 Kxf4 53. Nc6 Ra8
54. Nxd8 Rxd8 55. Ke6 g5 56. d7 h5 57. Ke7 Rb8 58. Rxa5 1-0

[Event "31. Open Villa de Benasque 2011"]
[Site "Benasque ESP"]
[Date "2011.07.10"]
[Round "4.6"]
[White "Ubilava, Elizbar"]
[Black "Turova, Irina"]
[Result "1-0"]
[WhiteElo "2533"]
[BlackElo "2413"]
[PlyCount "49"]
[EventDate "2011.07.07"]
[EventType "swiss"]
[EventRounds "10"]
[EventCountry "ESP"]
[Source "lmi"]
[SourceDate "2011.07.07"]

1. Nf3 Nf6 2. c4 e6 3. g3 a6 4. Bg2 b5 5. b3 c5 6. Nc3 b4 7. Na4 Bb7 8. O-O d5
9. cxd5 exd5 10. Ne5 Nc6 11. Nd3 Qa5 12. a3 Be7 13. Bb2 O-O 14. Naxc5 Bxc5 15.
axb4 Bxf2+ 16. Rxf2 Qb6 17. Bxf6 gxf6 18. Nc5 Rad8 19. Rxf6 Qxb4 20. d4 Rfe8
21. e3 Rxe3 22. Qg4+ Kh8 23. Rxf7 Re1+ 24. Bf1 Rg8 25. Qh4 1-0

[Event "31. Open Villa de Benasque 2011"]
[Site "Benasque ESP"]
[Date "2011.07.10"]
[Round "4.7"]
[White "Alcazar Jimenez, Victor"]
[Black "Moradiabadi, Elshan"]
[Result "1/2-1/2"]
[WhiteElo "2387"]
[BlackElo "2532"]
[PlyCount "95"]
[EventDate "2011.07.07"]
[EventType "swiss"]
[EventRounds "10"]
[EventCountry "ESP"]
[Source "lmi"]
[SourceDate "2011.07.07"]

1. c4 g6 2. Nc3 c5 3. Nf3 Bg7 4. d4 cxd4 5. Nxd4 Nc6 6. Nc2 Bxc3+ 7. bxc3 Nf6
8. f3 O-O 9. e4 d6 10. Bg5 Be6 11. Ne3 Rc8 12. Nd5 Ne5 13. Qd4 Bxd5 14. cxd5
Qa5 15. Bd2 Rc7 16. Be2 Rfc8 17. O-O Nc4 18. Bg5 Nb6 19. Bd2 Nc4 20. Bg5 Nb6
21. Bd2 Qa4 22. Qb4 Nfd7 23. Rfc1 Ne5 24. Bb5 Qxb4 25. cxb4 Nec4 26. Bxc4 Nxc4
27. Bf4 f6 28. h4 Kf7 29. Rc3 Ke8 30. b5 Kd7 31. a4 Rc5 32. Bg3 Nb2 33. Rxc5
dxc5 34. Bf2 f5 35. Ra2 Nd3 36. Rd2 fxe4 37. fxe4 c4 38. Bd4 e6 39. dxe6+ Kxe6
40. Rc2 a6 41. bxa6 bxa6 42. Kf1 Kd6 43. Ke2 Rc6 44. Ke3 Ke6 45. g3 h5 46. Kd2
Ne5 47. Kc3 Nd3 48. Kd2 1/2-1/2

[Event "31. Open Villa de Benasque 2011"]
[Site "Benasque ESP"]
[Date "2011.07.10"]
[Round "4.8"]
[White "Cabrera, Alexis"]
[Black "Garza Marco, Sergio"]
[Result "1-0"]
[WhiteElo "2530"]
[BlackElo "2403"]
[PlyCount "169"]
[EventDate "2011.07.07"]
[EventType "swiss"]
[EventRounds "10"]
[EventCountry "ESP"]
[Source "lmi"]
[SourceDate "2011.07.07"]

1. e4 e6 2. d4 d5 3. Bd3 dxe4 4. Bxe4 Nf6 5. Bf3 c5 6. Ne2 Nbd7 7. O-O a6 8.
Re1 Be7 9. c4 O-O 10. Nbc3 cxd4 11. Nxd4 Qc7 12. Qe2 Bc5 13. Nb3 Bd6 14. g3 Ne5
15. Bg2 Qxc4 16. Bf4 Qxe2 17. Rxe2 Nc4 18. Bxd6 Nxd6 19. Na5 Ra7 20. Rd2 Ra8
21. Re2 Ra7 22. Rd2 Nf5 23. Na4 b5 24. Nc5 Ne7 25. Rd6 Nfd5 26. Nc6 Nxc6 27.
Bxd5 Nb4 28. Bb3 Rc7 29. Rc1 a5 30. a3 Na6 31. Nd3 Rxc1+ 32. Nxc1 g5 33. Rb6
Nc7 34. Rc6 Na6 35. Rb6 Nc7 36. Rc6 Na6 37. Nd3 Rd8 38. Nc5 a4 39. Bc2 Nb8 40.
Rb6 Nd7 41. Rxb5 Ne5 42. Bxa4 Nf3+ 43. Kg2 Nd4 44. Rb8 Kg7 45. f3 e5 46. Bd7
Rxd7 47. Rxc8 Rd6 48. Ne4 Rb6 49. b4 h6 50. Nc5 Rf6 51. Nd7 Rxf3 52. Nxe5 Rxa3
53. Rc7 Kf6 54. Nxf7 Ra2+ 55. Kf1 Rxh2 56. Nd6 Ke5 57. Nc4+ Ke4 58. Re7+ Kd5
59. Ne3+ Kc6 60. Re5 Rb2 61. Rc5+ Kb7 62. Nd5 Ne6 63. Rc4 h5 64. Re4 Rb1+ 65.
Ke2 Rb2+ 66. Kd3 Kc6 67. Nc3 Nc7 68. Kc4 Rg2 69. Ne2 Rf2 70. Re5 Kd6 71. Nc3
Kc6 72. Re4 Rf1 73. Rd4 Rf3 74. b5+ Kb6 75. Rd6+ Kb7 76. Ne4 Nxb5 77. Kxb5 Kc7
78. Rg6 h4 79. g4 h3 80. Rxg5 h2 81. Rg7+ Kd8 82. Rh7 Rf4 83. Nd6 Rxg4 84. Kc6
Rg2 85. Rd7# 1-0

[Event "31. Open Villa de Benasque 2011"]
[Site "Benasque ESP"]
[Date "2011.07.10"]
[Round "4.9"]
[White "Garcia, Gildardo"]
[Black "Bakre, Tejas"]
[Result "0-1"]
[WhiteElo "2368"]
[BlackElo "2522"]
[PlyCount "76"]
[EventDate "2011.07.07"]
[EventType "swiss"]
[EventRounds "10"]
[EventCountry "ESP"]
[Source "lmi"]
[SourceDate "2011.07.07"]

1. e4 c5 2. Nf3 d6 3. d4 cxd4 4. Nxd4 Nf6 5. Nc3 Nc6 6. Bg5 e6 7. Qd2 Be7 8.
O-O-O O-O 9. Nb3 Qb6 10. h4 Rd8 11. h5 h6 12. Be3 Qc7 13. f4 d5 14. e5 Ne4 15.
Nxe4 dxe4 16. Qe1 Rxd1+ 17. Qxd1 Bd7 18. a3 Rd8 19. Qe1 Rc8 20. Qd2 b5 21. Bxb5
Nxe5 22. Ba6 Rb8 23. fxe5 Rxb3 24. Kb1 Rb8 25. Bd4 Bxa3 26. Rh3 Bb4 27. Qe2 Bc6
28. Rg3 Qa5 29. Bc4 Rd8 30. c3 Be7 31. Qe3 Kf8 32. Qf4 Qa4 33. b3 Rb8 34. Bxe6
Rxb3+ 35. Bxb3 Qxb3+ 36. Kc1 Ba4 37. Qf2 Ba3+ 38. Kd2 Qc2+ 0-1

[Event "31. Open Villa de Benasque 2011"]
[Site "Benasque ESP"]
[Date "2011.07.10"]
[Round "4.10"]
[White "Soltanici, Ruslan"]
[Black "Movsziszian, Karen"]
[Result "1/2-1/2"]
[WhiteElo "2346"]
[BlackElo "2493"]
[PlyCount "60"]
[EventDate "2011.07.07"]
[EventType "swiss"]
[EventRounds "10"]
[EventCountry "ESP"]
[Source "lmi"]
[SourceDate "2011.07.07"]

1. e4 g6 2. d4 d6 3. Nc3 a6 4. f4 b5 5. Nf3 Nd7 6. e5 Bg7 7. Bd3 Nh6 8. O-O O-O
9. a4 b4 10. Ne4 c5 11. e6 fxe6 12. Neg5 Nf6 13. dxc5 Qc7 14. Qe2 Kh8 15. Kh1
Nd5 16. cxd6 exd6 17. Nxe6 Bxe6 18. Qxe6 Nxf4 19. Bxf4 Rxf4 20. Ng5 Raf8 21.
Rxf4 Rxf4 22. Re1 Qc5 23. Ne4 Qd4 24. Qxd6 Qxd6 25. Nxd6 Bxb2 26. Re8+ Kg7 27.
Re7+ Kh8 28. Re8+ Kg7 29. Re7+ Kh8 30. Re8+ Kg7 1/2-1/2

[Event "31. Open Villa de Benasque 2011"]
[Site "Benasque ESP"]
[Date "2011.07.11"]
[Round "5.1"]
[White "Cabrera, Alexis"]
[Black "Petrosian, Tigran L"]
[Result "0-1"]
[WhiteElo "2530"]
[BlackElo "2636"]
[PlyCount "102"]
[EventDate "2011.07.07"]
[EventType "swiss"]
[EventRounds "10"]
[EventCountry "ESP"]
[Source "lmi"]
[SourceDate "2011.07.07"]

1. d4 d5 2. c4 c6 3. Nf3 Nf6 4. Nc3 dxc4 5. a4 Bf5 6. Ne5 Nbd7 7. Nxc4 Qc7 8.
g3 e5 9. dxe5 Nxe5 10. Bf4 Nfd7 11. Bg2 g5 12. Bxe5 Nxe5 13. Qd4 f6 14. Ne3 Bg6
15. a5 Qd6 16. Qxd6 Bxd6 17. a6 O-O-O 18. axb7+ Kxb7 19. O-O Bc5 20. Na4 Bxe3
21. fxe3 Rd6 22. Nc5+ Kb6 23. b4 Rhd8 24. h3 Nc4 25. Kf2 a5 26. Rfc1 Kb5 27.
Nb7 axb4 28. Nxd8 Rxd8 29. Bxc6+ Kxc6 30. Rxc4+ Kb5 31. Rd4 Rxd4 32. exd4 b3
33. Ra8 Kc4 34. Rb8 Bf7 35. Ke3 Kc3 36. Ke4 Be6 37. g4 b2 38. d5 Bd7 39. e3 h6
40. Rb7 Kc2 41. Kd4 Bc8 42. Rxb2+ Kxb2 43. e4 Kb3 44. e5 fxe5+ 45. Kxe5 Kc4 46.
Ke4 Bb7 47. Ke5 Bxd5 48. Kf6 Kd4 49. Kg6 Ke5 50. Kg7 Bg2 51. Kxh6 Kf4 0-1

[Event "31. Open Villa de Benasque 2011"]
[Site "Benasque ESP"]
[Date "2011.07.11"]
[Round "5.3"]
[White "Bakre, Tejas"]
[Black "Oleksienko, Mikhailo"]
[Result "1/2-1/2"]
[WhiteElo "2522"]
[BlackElo "2564"]
[PlyCount "51"]
[EventDate "2011.07.07"]
[EventType "swiss"]
[EventRounds "10"]
[EventCountry "ESP"]
[Source "lmi"]
[SourceDate "2011.07.07"]

1. d4 Nf6 2. Nf3 c5 3. c4 cxd4 4. Nxd4 Nc6 5. g3 Qb6 6. Nc2 h5 7. Bg2 h4 8. Nc3
h3 9. Bf3 Ne5 10. O-O Nxf3+ 11. exf3 e6 12. Nb5 a6 13. Be3 Qd8 14. Nd6+ Bxd6
15. Qxd6 Qe7 16. Qb6 Qd8 17. Rfd1 Qxb6 18. Bxb6 d5 19. Ne3 O-O 20. Rac1 dxc4
21. Nxc4 Nd5 22. Bc5 Re8 23. f4 Bd7 24. f3 Rec8 25. Nd6 Rc7 26. Kf2 1/2-1/2

[Event "31. Open Villa de Benasque 2011"]
[Site "Benasque ESP"]
[Date "2011.07.11"]
[Round "5.4"]
[White "Almagro Llamas, Pablo"]
[Black "Ubilava, Elizbar"]
[Result "0-1"]
[WhiteElo "2463"]
[BlackElo "2533"]
[PlyCount "76"]
[EventDate "2011.07.07"]
[EventType "swiss"]
[EventRounds "10"]
[EventCountry "ESP"]
[Source "lmi"]
[SourceDate "2011.07.07"]

1. e4 c5 2. Nf3 d6 3. d4 cxd4 4. Nxd4 Nf6 5. Nc3 a6 6. Be3 e5 7. Nf3 Be7 8. Bc4
O-O 9. O-O Nc6 10. Bg5 Be6 11. Bb3 Nd7 12. Qd2 Nc5 13. Rad1 Bxg5 14. Nxg5 Nd4
15. f4 Ncxb3 16. axb3 Bg4 17. Rde1 h6 18. Nf3 Bxf3 19. gxf3 Rc8 20. Rf2 f5 21.
Kh1 Kh8 22. fxe5 dxe5 23. f4 exf4 24. Rxf4 Ne6 25. Qxd8 Rfxd8 26. Rf2 f4 27.
Nd5 g5 28. h4 g4 29. c4 f3 30. h5 Ng5 31. Kh2 b5 32. cxb5 axb5 33. Kg3 Rc1 34.
Rxc1 Nxe4+ 35. Kxg4 Nxf2+ 36. Kxf3 Nd3 37. Rc3 Rxd5 38. Ke4 Nb4 0-1

[Event "31. Open Villa de Benasque 2011"]
[Site "Benasque ESP"]
[Date "2011.07.11"]
[Round "5.7"]
[White "Burg, Twan"]
[Black "Andriasian, Zaven"]
[Result "1/2-1/2"]
[WhiteElo "2450"]
[BlackElo "2616"]
[PlyCount "32"]
[EventDate "2011.07.07"]
[EventType "swiss"]
[EventRounds "10"]
[EventCountry "ESP"]
[Source "lmi"]
[SourceDate "2011.07.07"]

1. e4 d6 2. d4 Nf6 3. Nc3 g6 4. Be3 c6 5. h3 Nbd7 6. Nf3 Qc7 7. Qd2 b5 8. Bd3
Bb7 9. e5 dxe5 10. dxe5 Nxe5 11. Nxe5 Qxe5 12. O-O-O Bg7 13. Bf4 Qc5 14. Be3
Qe5 15. Bf4 Qc5 16. Be3 Qe5 1/2-1/2

[Event "31. Open Villa de Benasque 2011"]
[Site "Benasque ESP"]
[Date "2011.07.11"]
[Round "5.8"]
[White "Burmakin, Vladimir"]
[Black "Arribas Lopez, Angel"]
[Result "0-1"]
[WhiteElo "2579"]
[BlackElo "2443"]
[PlyCount "80"]
[EventDate "2011.07.07"]
[EventType "swiss"]
[EventRounds "10"]
[EventCountry "ESP"]
[Source "lmi"]
[SourceDate "2011.07.07"]

1. d4 Nf6 2. Nf3 d5 3. Bf4 c6 4. e3 e6 5. Bd3 Bd6 6. Bg3 Bxg3 7. hxg3 Nbd7 8.
c4 dxc4 9. Bxc4 Qe7 10. Nc3 b5 11. Bd3 Bb7 12. Rc1 O-O 13. Ne4 g6 14. Nxf6+
Qxf6 15. O-O Rac8 16. b4 Rfd8 17. Qb3 e5 18. Be4 Qe7 19. Rfe1 Nf6 20. Bb1 exd4
21. exd4 Qd6 22. Re5 Rc7 23. a3 Bc8 24. Qc2 Be6 25. Rxb5 cxb5 26. Qxc7 Rc8 27.
Qxc8+ Bxc8 28. Rxc8+ Kg7 29. Ba2 a5 30. Rc1 axb4 31. axb4 Qa6 32. Rc2 Qa4 33.
Rd2 Ne4 34. Rb2 Nc3 35. d5 Nxa2 36. d6 Nxb4 37. Rd2 Nc6 38. d7 Nd8 39. Kh2 b4
40. Rd4 Qb5 0-1

[Event "31. Open Villa de Benasque 2011"]
[Site "Benasque ESP"]
[Date "2011.07.11"]
[Round "5.9"]
[White "Roeder, Matthias"]
[Black "Timoshenko, Georgy"]
[Result "0-1"]
[WhiteElo "2420"]
[BlackElo "2568"]
[PlyCount "84"]
[EventDate "2011.07.07"]
[EventType "swiss"]
[EventRounds "10"]
[EventCountry "ESP"]
[Source "lmi"]
[SourceDate "2011.07.07"]

1. Nf3 Nf6 2. c4 g6 3. Nc3 Bg7 4. e4 d6 5. d4 O-O 6. h3 e5 7. d5 a5 8. Bg5 Na6
9. Nd2 Qe8 10. Be2 Kh8 11. h4 b6 12. h5 Nxh5 13. Bxh5 f6 14. Bxf6 Rxf6 15. Bf3
Kg8 16. Nf1 Bd7 17. Qe2 Nc5 18. Ne3 h5 19. O-O-O Qf7 20. Kb1 Rf8 21. Rdf1 Bh6
22. Nc2 Rxf3 23. gxf3 Qxf3 24. Qxf3 Rxf3 25. Ne1 Rxc3 26. bxc3 Nxe4 27. Kb2 Nd2
28. c5 bxc5 29. Rfg1 Kf7 30. Rh4 Kf6 31. f3 Bg5 32. Rh2 Bf4 33. Rh4 a4 34. Kc2
Bf5+ 35. Kd1 Nb1 36. Rxf4 exf4 37. c4 Na3 38. Ke2 Nxc4 39. Nd3 g5 40. Rh1 h4
41. Nf2 Ne3 42. Ne4+ Bxe4 0-1

[Event "31. Open Villa de Benasque 2011"]
[Site "Benasque ESP"]
[Date "2011.07.11"]
[Round "5.10"]
[White "Rubio Mejia, Luis Ignacio"]
[Black "Marin, Mihail"]
[Result "1/2-1/2"]
[WhiteElo "2417"]
[BlackElo "2548"]
[PlyCount "45"]
[EventDate "2011.07.07"]
[EventType "swiss"]
[EventRounds "10"]
[EventCountry "ESP"]
[Source "lmi"]
[SourceDate "2011.07.07"]

1. d4 e6 2. c4 Bb4+ 3. Bd2 a5 4. Nc3 d6 5. e4 e5 6. a3 Bxc3 7. Bxc3 Qe7 8. Bd3
Nf6 9. f3 exd4 10. Bxd4 Nc6 11. Bf2 O-O 12. Ne2 Ne5 13. O-O Be6 14. Rc1 Nfd7
15. Nd4 Nxd3 16. Qxd3 Nc5 17. Qc2 a4 18. Rfe1 Bd7 19. Rcd1 Qf6 20. Ne2 b6 21.
Bd4 Qe7 22. Nc3 f6 23. Nd5 1/2-1/2

[Event "31. Open Villa de Benasque 2011"]
[Site "Benasque ESP"]
[Date "2011.07.12"]
[Round "6.1"]
[White "Petrosian, Tigran L"]
[Black "Ubilava, Elizbar"]
[Result "1-0"]
[WhiteElo "2636"]
[BlackElo "2533"]
[PlyCount "83"]
[EventDate "2011.07.07"]
[EventType "swiss"]
[EventRounds "10"]
[EventCountry "ESP"]
[Source "lmi"]
[SourceDate "2011.07.07"]

1. e4 e6 2. d4 d5 3. Nc3 dxe4 4. Nxe4 Nd7 5. Nf3 Ngf6 6. Nxf6+ Nxf6 7. c3 a6 8.
Ne5 c5 9. Be3 Qc7 10. Qa4+ Bd7 11. Nxd7 Qxd7 12. Qxd7+ Nxd7 13. g3 O-O-O 14.
O-O-O cxd4 15. Rxd4 Ne5 16. Re4 Rd5 17. Bg2 Bc5 18. Bxc5 Nd3+ 19. Kc2 Nxc5 20.
Rc4 Rf5 21. f4 b5 22. Rd4 Rd8 23. Rhd1 Rxd4 24. cxd4 Nd7 25. Rc1 Kd8 26. Be4
Rh5 27. h4 f5 28. Bb7 Rh6 29. Kd2 Rg6 30. Bxa6 Rxg3 31. Bxb5 Rg2+ 32. Kc3 Nb6
33. a4 Kc7 34. Kb4+ Kb8 35. Kc5 Kc7 36. b4 Nd5 37. Bc4 Nxf4 38. b5 Rg3 39. b6+
Kb7 40. Kb5 Rg2 41. a5 Rb2+ 42. Kc5 1-0

[Event "31. Open Villa de Benasque 2011"]
[Site "Benasque ESP"]
[Date "2011.07.12"]
[Round "6.3"]
[White "Gomez Esteban, Juan Mario"]
[Black "Stocek, Jiri"]
[Result "0-1"]
[WhiteElo "2465"]
[BlackElo "2596"]
[PlyCount "88"]
[EventDate "2011.07.07"]
[EventType "swiss"]
[EventRounds "10"]
[EventCountry "ESP"]
[Source "lmi"]
[SourceDate "2011.07.07"]

1. d4 Nf6 2. Nf3 e6 3. c4 Bb4+ 4. Nbd2 b6 5. a3 Bxd2+ 6. Qxd2 O-O 7. e3 a5 8.
b3 Ba6 9. Bd3 d5 10. a4 c5 11. Ba3 Re8 12. dxc5 bxc5 13. Bxc5 e5 14. Ng5 dxc4
15. bxc4 e4 16. Be2 Qxd2+ 17. Kxd2 Re5 18. Bd4 Rxg5 19. g4 Nc6 20. h4 Rg6 21.
g5 Nd7 22. c5 Bxe2 23. Kxe2 Nb4 24. Rhd1 Nd3 25. Rab1 N7xc5 26. Rb5 Rc6 27. f3
Ne6 28. fxe4 Nb4 29. Bb6 Rc2+ 30. Kf3 Nc6 31. Rdd5 Rc4 32. Bxa5 Nxa5 33. Rxa5
Rxa4 34. Rxa4 Rxa4 35. Rb5 g6 36. Rd5 Kg7 37. Rb5 Rc4 38. Rd5 h6 39. gxh6+ Kxh6
40. Rd7 Rxe4 41. Rxf7 Rxh4 42. Rf6 Ng5+ 43. Kg2 Rg4+ 44. Kh2 Re4 0-1

[Event "31. Open Villa de Benasque 2011"]
[Site "Benasque ESP"]
[Date "2011.07.12"]
[Round "6.4"]
[White "Timoshenko, Georgy"]
[Black "De La Villa Garcia, Jesus Maria"]
[Result "1/2-1/2"]
[WhiteElo "2568"]
[BlackElo "2490"]
[PlyCount "41"]
[EventDate "2011.07.07"]
[EventType "swiss"]
[EventRounds "10"]
[EventCountry "ESP"]
[Source "lmi"]
[SourceDate "2011.07.07"]

1. d4 Nf6 2. c4 e6 3. Nf3 d5 4. g3 dxc4 5. Bg2 Bb4+ 6. Bd2 c5 7. dxc5 Bxc5 8.
O-O Nc6 9. Qa4 O-O 10. Qxc4 Qe7 11. Bg5 Bb6 12. Nc3 h6 13. Bh4 Rd8 14. Ne4 e5
15. Qc1 Kh7 16. Qc2 Kh8 17. Nxf6 gxf6 18. e3 Kg7 19. a3 Qc5 20. Qe2 Bf5 21.
Rfc1 1/2-1/2

[Event "31. Open Villa de Benasque 2011"]
[Site "Benasque ESP"]
[Date "2011.07.12"]
[Round "6.5"]
[White "Oleksienko, Mikhailo"]
[Black "Levin, Felix"]
[Result "1-0"]
[WhiteElo "2564"]
[BlackElo "2475"]
[PlyCount "74"]
[EventDate "2011.07.07"]
[EventType "swiss"]
[EventRounds "10"]
[EventCountry "ESP"]
[Source "lmi"]
[SourceDate "2011.07.07"]

1. e4 e5 2. Nf3 Nc6 3. Bb5 Nf6 4. O-O Nxe4 5. d4 Nd6 6. dxe5 Nxb5 7. a4 Nbd4 8.
Nxd4 d5 9. Nxc6 bxc6 10. Qd3 Qd7 11. Nd2 a5 12. Rd1 Bb4 13. Nb3 Qg4 14. f3 Qg6
15. Qxg6 hxg6 16. Bd2 Bxd2 17. Rxd2 Ke7 18. f4 g5 19. Rf1 gxf4 20. Rxf4 Be6 21.
Nc5 Rh5 22. Re2 g5 23. Rd4 Rb8 24. c3 g4 25. b4 axb4 26. cxb4 Rbh8 27. g3 Rf5
28. Rxg4 Rf3 29. Rf4 Ra3 30. Nxe6 fxe6 31. Ref2 Rxa4 32. Rf7+ Kd8 33. h4 Rxb4
34. h5 Rg4 35. Ra2 Rb4 36. Raf2 c5 37. Ra2 Kc8 1-0

[Event "31. Open Villa de Benasque 2011"]
[Site "Benasque ESP"]
[Date "2011.07.12"]
[Round "6.6"]
[White "Neelotpal, Das"]
[Black "Bakre, Tejas"]
[Result "1/2-1/2"]
[WhiteElo "2453"]
[BlackElo "2522"]
[PlyCount "111"]
[EventDate "2011.07.07"]
[EventType "swiss"]
[EventRounds "10"]
[EventCountry "ESP"]
[Source "lmi"]
[SourceDate "2011.07.07"]

1. d4 d5 2. Nf3 Nf6 3. c4 e6 4. g3 Bb4+ 5. Bd2 Be7 6. Bg2 O-O 7. O-O c6 8. Qc2
b6 9. Rd1 a5 10. Bf4 Ba6 11. Ne5 Nfd7 12. Nd2 Nxe5 13. Bxe5 Nd7 14. Bf4 f5 15.
cxd5 cxd5 16. Qc6 Rf6 17. Bg5 Rc8 18. Qa4 Rf8 19. Bxe7 Qxe7 20. b4 Qd6 21. b5
Bb7 22. Rac1 Nf6 23. e3 Rc7 24. Rxc7 Qxc7 25. Bf1 Rc8 26. Bd3 Ne4 27. Qb3 Qd6
28. Nf3 a4 29. Qb2 a3 30. Qb3 Rc3 31. Qa4 Qc7 32. Ne5 h5 33. h4 Nf6 34. Qb4 Ne4
35. Qa4 Nf6 36. Qb4 Ne4 37. Kg2 Qd6 38. Qa4 Rc7 39. Qa7 Bc8 40. Qb8 Rc3 41. Qa7
Rc7 42. Qb8 Rc3 43. Qa7 Rc7 44. Qa8 Kh7 45. Rb1 Nd2 46. Rd1 Nc4 47. Nf3 Nb2 48.
Rd2 Rc3 49. Rc2 Rxc2 50. Bxc2 Qc7 51. Bb3 Nc4 52. Qa4 Bd7 53. Qa8 Bc8 54. Qa4
Bd7 55. Qa8 Bc8 56. Qa4 1/2-1/2

[Event "31. Open Villa de Benasque 2011"]
[Site "Benasque ESP"]
[Date "2011.07.12"]
[Round "6.8"]
[White "Arribas Lopez, Angel"]
[Black "Movsziszian, Karen"]
[Result "0-1"]
[WhiteElo "2443"]
[BlackElo "2493"]
[PlyCount "96"]
[EventDate "2011.07.07"]
[EventType "swiss"]
[EventRounds "10"]
[EventCountry "ESP"]
[Source "lmi"]
[SourceDate "2011.07.07"]

1. e4 g6 2. d4 Bg7 3. Nc3 d6 4. f4 a6 5. Nf3 b5 6. Bd3 Nd7 7. e5 e6 8. h4 Bb7
9. h5 Nh6 10. Be4 d5 11. Bd3 c5 12. dxc5 Nxc5 13. Be3 Qc7 14. Nd4 Nf5 15. Bxf5
gxf5 16. g4 b4 17. Nb1 fxg4 18. Qxg4 Bf8 19. Nd2 a5 20. N2b3 Ne4 21. f5 a4 22.
Nb5 Qd7 23. fxe6 fxe6 24. N3d4 Nc5 25. Rf1 O-O-O 26. Bg5 Rg8 27. Qh4 Re8 28.
O-O-O Ne4 29. Rxf8 Rgxf8 30. Bh6 Rg8 31. Qe1 Qe7 32. Na7+ Kc7 33. a3 Ra8 34.
Nab5+ Kb8 35. axb4 Rc8 36. Na3 Bc6 37. Qe3 Be8 38. Rg1 Qxb4 39. Nxe6 Ra6 40.
Nd4 Rxh6 41. Qxh6 Qxd4 42. Rg7 Bg6 43. Kb1 Nd2+ 44. Ka1 Nb3+ 45. Ka2 Qd1 46.
Nb1 Qxc2 47. hxg6 Nc1+ 48. Ka1 a3 0-1

[Event "31. Open Villa de Benasque 2011"]
[Site "Benasque ESP"]
[Date "2011.07.12"]
[Round "6.9"]
[White "Garza Marco, Sergio"]
[Black "Saric, Ivan"]
[Result "1/2-1/2"]
[WhiteElo "2403"]
[BlackElo "2639"]
[PlyCount "106"]
[EventDate "2011.07.07"]
[EventType "swiss"]
[EventRounds "10"]
[EventCountry "ESP"]
[Source "lmi"]
[SourceDate "2011.07.07"]

1. d4 d5 2. c4 c6 3. cxd5 cxd5 4. Nc3 Nf6 5. Nf3 Nc6 6. Bf4 Nh5 7. Bd2 e6 8. e3
Nf6 9. Bd3 Bd6 10. Rc1 O-O 11. O-O e5 12. dxe5 Nxe5 13. Nxe5 Bxe5 14. h3 Be6
15. f4 Bc7 16. Nb5 Bb6 17. Nd4 Bxd4 18. exd4 Qb6 19. Bc3 Bd7 20. Re1 Bb5 21.
Bb1 Rfe8 22. Re5 Bc6 23. Kh2 Nd7 24. Qd3 g6 25. Rxe8+ Rxe8 26. f5 Nf6 27. Qd2
Bb5 28. Re1 Qc7+ 29. Kg1 Rxe1+ 30. Qxe1 Qf4 31. Qf2 Qc1+ 32. Qe1 Qxe1+ 33. Bxe1
Bd7 34. Bh4 Ne8 35. fxg6 fxg6 36. g4 Kf7 37. Bg3 Nf6 38. Kg2 h5 39. gxh5 Nxh5
40. Be5 Bf5 41. Bxf5 gxf5 42. Kf3 Ke6 43. Ke3 Kd7 44. a4 Kc6 45. b4 b5 46. a5
a6 47. Kf3 Kd7 48. Ke3 Ke6 49. Kf3 Kf7 50. h4 Kg6 51. Ke3 Kf7 52. Kf3 Ke6 53.
Ke3 Kf7 1/2-1/2

[Event "31. Open Villa de Benasque 2011"]
[Site "Benasque ESP"]
[Date "2011.07.12"]
[Round "6.10"]
[White "Pardo Simon, David"]
[Black "Turov, Maxim"]
[Result "1/2-1/2"]
[WhiteElo "2388"]
[BlackElo "2630"]
[PlyCount "45"]
[EventDate "2011.07.07"]
[EventType "swiss"]
[EventRounds "10"]
[EventCountry "ESP"]
[Source "lmi"]
[SourceDate "2011.07.07"]

1. e4 c6 2. d4 d5 3. e5 Bf5 4. h4 h6 5. g4 Bd7 6. Nd2 h5 7. gxh5 Nh6 8. Nb3 Bg4
9. Be2 Qc8 10. Bxh6 Bxe2 11. Nxe2 Rxh6 12. Ng3 e6 13. Qg4 Nd7 14. c3 Qc7 15. f4
f5 16. Qe2 a5 17. Nd2 a4 18. Nf3 c5 19. Kf2 Qb6 20. Rhd1 cxd4 21. cxd4 Nb8 22.
Kg2 Nc6 23. Rac1 1/2-1/2

[Event "31. Open Villa de Benasque 2011"]
[Site "Benasque ESP"]
[Date "2011.07.13"]
[Round "7.2"]
[White "Stocek, Jiri"]
[Black "Oleksienko, Mikhailo"]
[Result "1/2-1/2"]
[WhiteElo "2596"]
[BlackElo "2564"]
[PlyCount "64"]
[EventDate "2011.07.07"]
[EventType "swiss"]
[EventRounds "10"]
[EventCountry "ESP"]
[Source "lmi"]
[SourceDate "2011.07.07"]

1. d4 Nf6 2. Nf3 e6 3. c4 c5 4. Nc3 cxd4 5. Nxd4 Nc6 6. Bg5 Qa5 7. Bxf6 gxf6 8.
e3 Nxd4 9. exd4 Bb4 10. Qf3 Bxc3+ 11. bxc3 Ke7 12. Be2 b6 13. O-O Ba6 14. d5
Qc5 15. Rad1 d6 16. dxe6 fxe6 17. Rfe1 Rag8 18. Bf1 Bc8 19. Rd4 Rg7 20. g3 e5
21. Rh4 Rf8 22. Rh6 Rff7 23. Rd1 Bg4 24. Qb7+ Ke6 25. Qd5+ Qxd5 26. cxd5+ Ke7
27. Rd2 Bf5 28. a4 Rg6 29. Rh5 Rg5 30. Rh6 Rg6 31. Rh5 Rg5 32. Rh6 Rg6 1/2-1/2